000 01251nam a2200349 i 4500
001 xx005914984
003 NUKAT
005 20260325192417.0
008 260325s1864 pl a |000 0 pol c
035 _a(NUKAT)xx005914984
040 _aOLSZT 008/LL
_bpol
_erda
_cOLSZT 008/LL
046 _k1864
245 0 0 _aMały wyborek nabożeństwa codziennego.
250 _aWydanie powiększone z dodatkiem Nieszpornych Psałmów, Gorzkich żali i Pieśni nabożnych.
260 _aMikołów :
_bdruk i nakładem T. Nowackiego.
_c1864.
300 _a216 stron :
_bilustracje ;
_c12 cm.
336 _aTekst
_btxt
_2rdacontent
337 _aBez urządzenia pośredniczącego
_bn
_2rdamedia
338 _aWolumin
_bnc
_2rdacarrier
380 _aKsiążki
380 _aPublikacje religijne
388 1 _a1801-1900
610 2 7 _aApostolstwo Modlitwy
_vmodlitewniki.
_2kaba
_938983
650 7 _aModlitewniki katolickie polskie
_y19 w.
_2kaba
_936202
650 7 _aDuchowość katolicka
_2DBN
_937278
650 7 _aKatolicyzm
_2DBN
_935191
655 4 _aModlitewniki polskie.
_2kaba
_95982
655 7 _aModlitewnik
_2DBN
_936203
658 _aReligia i duchowość
700 1 _aNowacki, Tomasz
_d(1802-1884).
_eNakładca
_eDruk
_936601
942 _2ddc
_cBK_NM
999 _c27270
_d27270